| 000 | 00595nam a22001937a 4500 | ||
|---|---|---|---|
| 003 | OSt | ||
| 005 | 20240920102742.0 | ||
| 008 | 240920b |||||||| |||| 00| 0 eng d | ||
| 020 | _a0521576482 | ||
| 040 |
_aMUST _cDDC |
||
| 082 | _aWM 100 P928 1996 | ||
| 100 |
_aEdited by Tony Kendrick ... (et al) _919165 |
||
| 245 |
_aThe Prevention of Mental Illness in Primary Care/ _cEdited by Tony Kendrick ... (et al) |
||
| 260 |
_aNew York; _bCambridge University, _c1996. |
||
| 300 |
_axvi,398p.: _bill; _c24.6cm. |
||
| 504 | _aIncludes indexes | ||
| 650 |
_aPsychiatry _9351 |
||
| 942 |
_2ddc _cO_SHELF |
||
| 999 |
_c9385 _d9385 |
||